When moms attack! / (Record no. 9464)
[ view plain ]
| 000 -LEADER | |
|---|---|
| fixed length control field | 00953nam a22002777a 4500 |
| 001 - CONTROL NUMBER | |
| control field | 9464 |
| 003 - CONTROL NUMBER IDENTIFIER | |
| control field | FISKH |
| 005 - DATE AND TIME OF LATEST TRANSACTION | |
| control field | 20260113152634.0 |
| 008 - FIXED-LENGTH DATA ELEMENTS--GENERAL INFORMATION | |
| fixed length control field | 260113b cb ||||| |||| 00| 0 eng d |
| 020 ## - INTERNATIONAL STANDARD BOOK NUMBER | |
| International Standard Book Number | 9780786846481 |
| 040 ## - CATALOGING SOURCE | |
| Original cataloging agency | FISKH |
| Language of cataloging | eng |
| Transcribing agency | FISKH |
| Modifying agency | FISKH |
| 050 ## - LIBRARY OF CONGRESS CALL NUMBER | |
| Classification number | PZ7.O8545 W |
| 082 ## - DEWEY DECIMAL CLASSIFICATION NUMBER | |
| Classification number | 813.6 |
| 100 ## - MAIN ENTRY--PERSONAL NAME | |
| Personal name | Ostrow, Kim |
| Relator term | Author |
| 245 ## - TITLE STATEMENT | |
| Title | When moms attack! / |
| Statement of responsibility, etc. | Adapted by Kim Ostrow |
| 260 ## - PUBLICATION, DISTRIBUTION, ETC. | |
| Place of publication, distribution, etc. | New York : |
| Name of publisher, distributor, etc. | Disney Press , |
| Date of publication, distribution, etc. | 2002 |
| 300 ## - PHYSICAL DESCRIPTION | |
| Extent | 116 pages : |
| Other physical details | illustrations ; |
| Dimensions | 20 cm |
| 490 ## - SERIES STATEMENT | |
| Series statement | Lizzie McGuire |
| Volume/sequential designation | 1 |
| 505 ## - FORMATTED CONTENTS NOTE | |
| Formatted contents note | P<br/> |
| 520 ## - SUMMARY, ETC. | |
| Summary, etc. | Lizzie McGuire is psyched for her class camping trip until she finds out that the new chaperone is her Mom! Lizzie must struggle with her embarrassment while helping her Mom make the camping trip a success.<br/> |
| 521 8# - TARGET AUDIENCE NOTE | |
| Target audience note | 650<br/> |
| Source | Lexile estimate<br/> |
| 521 8# - TARGET AUDIENCE NOTE | |
| Target audience note | P<br/> |
| Source | Raz-Plus<br/> |
| 650 ## - SUBJECT ADDED ENTRY--TOPICAL TERM | |
| Topical term or geographic name entry element | Growing up and facts of life |
| Form subdivision | Young adult life |
| 942 ## - ADDED ENTRY ELEMENTS (KOHA) | |
| Source of classification or shelving scheme | Dewey Decimal Classification |
| Koha item type | Books |
| Suppress in OPAC | No |
| Withdrawn status | Lost status | Source of classification or shelving scheme | Damaged status | Not for loan | Collection | Home library | Current library | Shelving location | Date acquired | Total Checkouts | Full call number | Barcode | Date last seen | Copy number | Price effective from | Koha item type |
|---|---|---|---|---|---|---|---|---|---|---|---|---|---|---|---|---|
| Dewey Decimal Classification | Juvenile Fiction | Footprints International School Library Network Toul Tom Poung Campus | Footprints International School Library Network Toul Tom Poung Campus | TTP Primary Orange Bookshelves | 01/13/2026 | OST 813.6 PZ7.O8545 W | FISO1027 | 01/13/2026 | 1 | 01/13/2026 | Books |
